BIOLOGY: A GLOBAL APPROACH. (Record no. 217050)

MARC details
000 -LEADER
fixed length control field 00539nam a22001937a 4500
008 - FIXED-LENGTH DATA ELEMENTS--GENERAL INFORMATION
fixed length control field 260423b |||||||| |||| 00| 0 eng d
020 ## - INTERNATIONAL STANDARD BOOK NUMBER
International Standard Book Number 978-1-292-34163-7
050 ## - LIBRARY OF CONGRESS CALL NUMBER
Classification number QH 308.2 .B56 2021
100 ## - MAIN ENTRY--PERSONAL NAME
Personal name CAMPBELL, NEIL A.
245 ## - TITLE STATEMENT
Title BIOLOGY: A GLOBAL APPROACH.
250 ## - EDITION STATEMENT
Edition statement 12TH
260 ## - PUBLICATION, DISTRIBUTION, ETC.
Place of publication, distribution, etc. HARLOW,
Name of publisher, distributor, etc. PEARSON EDUCATION LIMITED,
Date of publication, distribution, etc. 2021.
300 ## - PHYSICAL DESCRIPTION
Extent 1345 P, ILL
500 ## - GENERAL NOTE
General note INCLUDES INDEX.
650 ## - SUBJECT ADDED ENTRY
Topical term or geographic name entry element BIOLOGY- TEXTBOOKS
700 ## - ADDED ENTRY--PERSONAL NAME
Personal name URRY, LISA A. CAIN, MICHAEL L.
942 ## - ADDED ENTRY ELEMENTS (KOHA)
Source of classification or shelving scheme Library of Congress Classification
Koha item type Long Loan Book
Holdings
Withdrawn status Lost status Source of classification or shelving scheme Damaged status Not for loan Collection Home library Current library Shelving location Date acquired Inventory number Total checkouts Full call number Barcode Date last seen Copy number Price effective from Koha item type
    Library of Congress Classification     Science & Technology Kisii University Library Kisii University Library On Display 04/23/2026 113283   QH 308. 2 .B56 2021 a001820 04/23/2026 1 04/23/2026 Long Loan Book
    Library of Congress Classification     Science & Technology Kisii University Library Kisii University Library On Display 04/23/2026 113284   QH 308. 2 .B56 2021 a001819 04/23/2026 2 04/23/2026 Long Loan Book
    Library of Congress Classification     Science & Technology Kisii University Library Kisii University Library On Display 04/23/2026 113285   QH 308. 2 .B56 2021 a001822 04/23/2026 3 04/23/2026 Long Loan Book
    Library of Congress Classification     Science & Technology Kisii University Library Kisii University Library On Display 04/23/2026 113286   QH 308. 2 .B56 2021 a001821 04/23/2026 4 04/23/2026 Long Loan Book
    Library of Congress Classification     Science & Technology Kisii University Library Kisii University Library On Display 04/23/2026 113287   QH 308. 2 .B56 2021 a001824 04/23/2026 5 04/23/2026 Long Loan Book